Liposomes, from physical structure to therapeutic applications /

Bibliographic Details
Other Authors: Knight, C. G. (C. Graham)
Format: Book
Language:English
Published: Amsterdam ; New York : Elsevier/North-Holland Biomedical Press ; 1981.
Series:Research monographs in cell and tissue physiology ; v. 7.
Subjects:

MARC

Tag First Indicator Second Indicator Subfields
LEADER 00000cam a22000008a 4500
001 in00000085066
005 20151008054454.0
008 810928s1981 ne a b 00100 eng
010 |a  81015298  
020 |a 0444803203 
035 |a (OCoLC)07877146 
035 |9 AAJ0761AM 
039 0 |a 2  |b 3  |c 3  |d 3  |e 3 
040 |a DLC  |c DLC  |d TXA  |d UtOrBLW 
049 |a TXAM  |c [1803974] 
050 0 0 |a QH601  |b .L57 
060 0 |a W1 RE232GL v. 6  |a QU93 L7645 
082 0 |a 574.87/34  |2 19 
245 0 0 |a Liposomes, from physical structure to therapeutic applications /  |c editor, C.G. Knight. 
263 |a 8111 
264 1 |a Amsterdam ;  |a New York :  |b Elsevier/North-Holland Biomedical Press ;  |c 1981. 
264 2 |a New York :  |b Sole distributors for the U.S.A. and Canada, Elsevier North-Holland, 
300 |a xix, 497 pages :  |b illustrations ; 25 cm. 
336 |a text  |b txt  |2 rdacontent 
337 |a unmediated  |b n  |2 rdamedia 
338 |a volume  |b nc  |2 rdacarrier 
490 1 |a Research monographs in cell and tissue physiology ;  |v v. 7 
504 |a Includes bibliographies and index. 
650 0 |a Liposomes. 
650 0 |a Membranes (Biology) 
650 0 |a Biological models. 
650 2 |a Liposomes. 
650 2 |a Liposomes  |x administration & dosage. 
650 0 |a Drug carriers (Pharmacy) 
700 1 |a Knight, C. G.  |q (C. Graham) 
830 0 |a Research monographs in cell and tissue physiology ;  |v v. 7. 
999 |a MARS 
999 f f |s 70aace63-6e89-3246-87ed-6eef2a410422  |i fbeb1571-8efc-3d71-a01a-ad27035a2592  |t 0 
952 f f |p ric  |a Texas A&M University  |b Rellis Campus  |c Joint Library Facility  |d Remote Storage  |t 0  |e QH601 .L57  |h Library of Congress classification  |i unmediated -- volume  |m A14806218111 
998 f f |a QH601 .L57  |t 0  |l Remote Storage